Luxusautója lesz Dunaszerdahely polgármesterének

Bibliographic Details
Format: Article
Language:Hungarian
PhysicalDescription:Fotogr.
ISSN:1335-7050
Subjects:

MARC

LEADER 00000nab a2200000 a 4500
001 vtls011613320
003 SK-MaSNL
005 20260318132617.0
008 170223c20170223xo d| | 00 0|2hun
015 |a SNBRB2017/02 
038 |a DSZK 
040 |a DSZK  |b slo  |c DSZK  |e AACR2 
041 0 |a hun 
044 |a xo  |c SK 
080 |a 352.075.2  |x (437.612)  |2 2011 
245 0 0 |a Luxusautója lesz Dunaszerdahely polgármesterének  |c [szerzők], (Plus 7 dní, béva) 
300 |b Fotogr. 
610 1 7 |a Dunajská Streda (Slovensko).  |b Primátor  |2 dszk  |9 176738 
650 0 7 |a Služobné autá  |2 dszk  |9 1068601 
651 7 |a Dunajská Streda (Slovensko)  |2 SNKPH  |9 17375 
773 0 |t Új szó  |g Évf. 70, sz. 45 (2017.2.23), o. 4  |x 1335-7050 
852 |a DSZK  |b KIS3GCP 
958 |a HU 
958 |a SK 
999 |c 2074438  |d 2076368